Musiques de l'album Brol (Angèle) - Statistiques

Statistiques générales
  • Ce quiz a été pris 752 fois
  • Le résultat moyen est 13 sur 19
Statistiques - réponses
Réponse % Correct
Balance ton quoi
93%
Ta reine
89%
Ta reine (version orchestrale)
89%
Tout oublier (feat. Roméo Elvis)
83%
La Loi de Murphy
78%
La Thune
77%
Flou
74%
Je veux tes yeux
72%
Jalousie
71%
Oui ou non
71%
Les Matins
62%
Flemme
59%
Perdus
56%
Nombreux
55%
J'entends
53%
Que du Love (feat. Kiddy Smile)
52%
Insomnies
50%
Victime des réseaux
50%
Tu me regardes
49%
Aucun quiz correspondant
Distribution des résultats
% des personnes avec chaque résultat
Percentile par nombre de réponses
Votre historique - résultats
Vous n’avez pas pris ce quiz